Library Banner

Doing data analysis with SPSS 10.0 / (Record no. 108782)

MARC details
000 -LEADER
fixed length control field 00640cam a22002054a 4500
001 - CONTROL NUMBER
control field 11954897
005 - DATE AND TIME OF LATEST TRANSACTION
control field 20181108112409.0
008 - FIXED-LENGTH DATA ELEMENTS--GENERAL INFORMATION
fixed length control field 000327s2000 caua 001 0 eng
020 ## - INTERNATIONAL STANDARD BOOK NUMBER
International Standard Book Number 0534374751
040 ## - CATALOGING SOURCE
Transcribing agency PK-LaUMT
082 00 - DEWEY DECIMAL CLASSIFICATION NUMBER
Classification number 519.502855369
Edition number 21
Item number CAR-D
100 1# - MAIN ENTRY--PERSONAL NAME
Personal name Carver, Robert H.
245 10 - TITLE STATEMENT
Title Doing data analysis with SPSS 10.0 /
Statement of responsibility, etc Robert H. Carver and Jane Gradwohl Nash
260 ## - PUBLICATION, DISTRIBUTION, ETC. (IMPRINT)
Place of publication, distribution, etc Pacific Grove, CA :
Name of publisher, distributor, etc Duxbury,
Date of publication, distribution, etc 2000
300 ## - PHYSICAL DESCRIPTION
Extent xvi, 335 p. :
Other physical details ill. ;
Dimensions 24 cm.
500 ## - GENERAL NOTE
General note Includes index.
650 #0 - SUBJECT ADDED ENTRY--TOPICAL TERM
Topical term or geographic name as entry element Social sciences
General subdivision Statistical methods
-- Computer programs.
700 1# - ADDED ENTRY--PERSONAL NAME
Personal name Nash, Jane Gradwohl.
942 ## - ADDED ENTRY ELEMENTS (KOHA)
Koha item type Books
Holdings
Withdrawn status Lost status Damaged status Home library Current library Date acquired Full call number Barcode Date last seen Price effective from Koha item type
      UMT Main Campus UMT Main Campus 2018-11-08 519.502855369 CAR-D 125246 2024-07-11 2018-11-08 Books